| 000 | 00606nam a22001577a 4500 | ||
|---|---|---|---|
| 005 | 20120208130027.0 | ||
| 020 |
_a8120326687 _c495.00 |
||
| 035 | _aB-182160 | ||
| 037 |
_aDPL _bENG |
||
| 100 |
_aLaudati, Peter _941198 |
||
| 245 |
_aApplication interoperability : _bMicrosoft .Net and J2EE pattern and practices / _cby Peter Laudati et. al. |
||
| 260 |
_aNew Delhi _bPrentice-Hall of India _c2005 |
||
| 300 |
_a359p. _c22 cms. |
||
| 942 |
_2ddc _cEN _h005.276 _mAPP |
||
| 999 |
_c62270 _d62270 |
||